[Event "Torneo Capablanca 2015 - Grupo Premier"]
[Site "La Habana CUB"]
[Date "2015.06.19"]
[Round "5.1"]
[White "Cordova, Emilio"]
[Black "Hevia Alejano, Carlos Antonio"]
[Result "1-0"]
[WhiteElo "2609"]
[BlackElo "2535"]
[PlyCount "57"]
[EventDate "2015.06.15"]
[EventType "tourn"]
[EventRounds "9"]
[EventCountry "CUB"]
[EventCategory "13"]
[Source "lmi"]
[SourceDate "2015.06.15"]

1. d4 e6 2. Nf3 Nf6 3. g3 d5 4. c4 Bb4+ 5. Bd2 Be7 6. Bg2 c6 7. Qc2 O-O 8. O-O
Nbd7 9. Rd1 a5 10. Bf4 Nh5 11. Bc1 Nhf6 12. Bf4 Nh5 13. Bc1 Nhf6 14. Nbd2 b5
15. b3 bxc4 16. bxc4 Ba6 17. e4 Nxe4 18. Nxe4 dxe4 19. Ne5 Nxe5 20. dxe5 Qc7
21. Qxe4 Rab8 22. Be3 Rb4 23. Rac1 c5 24. a3 Rb6 25. Qd3 Qxe5 26. Qd7 Bg5 27.
Qa7 Rfb8 28. Bf4 Bxf4 29. Qxb6 1-0

[Event "Torneo Capablanca 2015 - Grupo Premier"]
[Site "La Habana CUB"]
[Date "2015.06.19"]
[Round "5.2"]
[White "Gonzalez Vidal, Yuri"]
[Black "Quesada Perez, Yuniesky"]
[Result "1/2-1/2"]
[WhiteElo "2550"]
[BlackElo "2647"]
[PlyCount "38"]
[EventDate "2015.06.15"]
[EventType "tourn"]
[EventRounds "9"]
[EventCountry "CUB"]
[EventCategory "13"]
[Source "lmi"]
[SourceDate "2015.06.15"]

1. e4 e5 2. Nf3 Nc6 3. Bb5 a6 4. Ba4 Nf6 5. O-O b5 6. Bb3 Bc5 7. c3 d6 8. a4
Rb8 9. d4 Bb6 10. axb5 axb5 11. Na3 O-O 12. Nxb5 Bg4 13. Bc2 exd4 14. cxd4 d5
15. Bg5 dxe4 16. Bxe4 Bxf3 17. Qxf3 Nxd4 18. Nxd4 Qxd4 19. Bxf6 Qxf6 1/2-1/2

[Event "Torneo Capablanca 2015 - Grupo Premier"]
[Site "La Habana CUB"]
[Date "2015.06.19"]
[Round "5.3"]
[White "Espinosa Veloz, Ermes"]
[Black "Kunin, Vitaly"]
[Result "0-1"]
[WhiteElo "2504"]
[BlackElo "2579"]
[PlyCount "112"]
[EventDate "2015.06.15"]
[EventType "tourn"]
[EventRounds "9"]
[EventCountry "CUB"]
[EventCategory "13"]
[Source "lmi"]
[SourceDate "2015.06.15"]

1. e4 e6 2. d4 d5 3. Nc3 dxe4 4. Nxe4 Bd7 5. Nf3 Bc6 6. Bd3 Nd7 7. O-O Ngf6 8.
Ned2 Be7 9. Nc4 Bb5 10. c3 O-O 11. a4 Bxc4 12. Bxc4 a5 13. Re1 Nd5 14. Bxd5
exd5 15. Bf4 Nb6 16. Qd3 h6 17. b3 Bd6 18. Qe3 Bxf4 19. Qxf4 Nc8 20. Re2 Nd6
21. Nd2 Re8 22. Rae1 Qd7 23. Qf3 Rxe2 24. Rxe2 Re8 25. Rxe8+ Qxe8 26. Kf1 Qe6
27. Qd3 g6 28. f3 Nf5 29. Kf2 Qd6 30. g3 c5 31. dxc5 Qxc5+ 32. Kf1 h5 33. f4
Ne3+ 34. Kg1 Nd1+ 35. Qd4 Qxc3 36. Qxc3 Nxc3 37. Kg2 Ne4 38. Nf1 Kf8 39. Kf3
Ke7 40. Ke3 Kd6 41. Kd4 Nc5 42. Kc3 Kc6 43. Ne3 Ne6 44. Kd3 Kc5 45. f5 Nd4 46.
fxg6 fxg6 47. Ng2 Ne6 48. Nh4 g5 49. Nf5 Kb4 50. Kc2 d4 51. h3 d3+ 52. Kxd3
Kxb3 53. Nd6 b6 54. Ke4 Kxa4 55. Kf5 Kb3 56. Kxe6 a4 0-1

[Event "Torneo Capablanca 2015 - Grupo Premier"]
[Site "La Habana CUB"]
[Date "2015.06.19"]
[Round "5.4"]
[White "Ortiz Suarez, Isan Reynaldo"]
[Black "Duda, Jan-Krzysztof"]
[Result "1/2-1/2"]
[WhiteElo "2572"]
[BlackElo "2610"]
[PlyCount "74"]
[EventDate "2015.06.15"]
[EventType "tourn"]
[EventRounds "9"]
[EventCountry "CUB"]
[EventCategory "13"]
[Source "lmi"]
[SourceDate "2015.06.15"]

1. e4 c5 2. Nf3 d6 3. d4 cxd4 4. Nxd4 Nf6 5. Nc3 a6 6. Bg5 Nbd7 7. Bc4 Qb6 8.
Bb3 e6 9. Bxf6 Nxf6 10. Qd2 g6 11. O-O-O Bg7 12. f4 O-O 13. Kb1 Qc5 14. f5 exf5
15. exf5 Bxf5 16. Nxf5 Qxf5 17. Qxd6 Rae8 18. Rhf1 Ne4 19. Rxf5 Nxd6 20. Rfd5
Nf5 21. Rd7 Ne3 22. Rg1 b5 23. a4 Bxc3 24. bxc3 Nc4 25. Bxc4 bxc4 26. Rd4 Re2
27. Rxc4 Rfe8 28. Rc6 Rf2 29. Rxa6 Rb8+ 30. Kc1 Rc8 31. Kb2 Rb8+ 32. Kc1 Rc8
33. Kb1 Rb8+ 34. Kc1 Rc8 35. Rd6 Rxc3 36. Rd2 Rf4 37. Rgd1 Rf2 1/2-1/2

[Event "Torneo Capablanca 2015 - Grupo Premier"]
[Site "La Habana CUB"]
[Date "2015.06.19"]
[Round "5.5"]
[White "Bacallao Alonso, Yusnel"]
[Black "Miton, Kamil"]
[Result "1/2-1/2"]
[WhiteElo "2530"]
[BlackElo "2604"]
[PlyCount "120"]
[EventDate "2015.06.15"]
[EventType "tourn"]
[EventRounds "9"]
[EventCountry "CUB"]
[EventCategory "13"]
[Source "lmi"]
[SourceDate "2015.06.15"]

1. e4 c5 2. Nf3 Nc6 3. Bb5 e6 4. O-O Nge7 5. Re1 Nd4 6. Bf1 Nec6 7. c3 Nxf3+ 8.
Qxf3 g6 9. d3 Bg7 10. Be3 b6 11. Nd2 O-O 12. Rad1 Bb7 13. Nb3 a5 14. a4 d5 15.
d4 cxd4 16. Nxd4 Nxd4 17. Bxd4 dxe4 18. Qf4 Bxd4 19. Rxd4 Qc8 20. Red1 Bd5 21.
Bb5 Qc5 22. c4 Bc6 23. Bxc6 Qxc6 24. b3 e5 25. Qxe5 Rfe8 26. Qf4 Re6 27. Rd7
Rf8 28. R1d5 Rf6 29. Qe5 Re6 30. Qd4 Rfe8 31. Rd8 Qc7 32. g3 h5 33. R8d7 Qc6
34. Qe3 Rf6 35. Rd8 Rfe6 36. Qd4 Kh7 37. Rxe8 Rxe8 38. Rd6 Qc5 39. Qf6 Kg8 40.
Rc6 Qb4 41. Rxb6 Qe1+ 42. Kg2 e3 43. Rb7 Rf8 44. fxe3 Qxe3 45. Qf3 Qd2+ 46. Qf2
Qd3 47. Qf3 Qd2+ 48. Kh3 Qe1 49. Rb6 Rd8 50. Qf6 Qd1 51. Qf4 Re8 52. Rb7 Rf8
53. Qf2 Qg4+ 54. Kg2 h4 55. h3 Qe4+ 56. Qf3 Qc2+ 57. Qf2 Qe4+ 58. Qf3 Qc2+ 59.
Qf2 Qe4+ 60. Qf3 Qc2+ 1/2-1/2

[Event "Torneo Capablanca 2015 - Grupo Premier"]
[Site "La Habana CUB"]
[Date "2015.06.21"]
[Round "6.1"]
[White "Hevia Alejano, Carlos Antonio"]
[Black "Miton, Kamil"]
[Result "1/2-1/2"]
[WhiteElo "2535"]
[BlackElo "2604"]
[PlyCount "98"]
[EventDate "2015.06.15"]
[EventType "tourn"]
[EventRounds "9"]
[EventCountry "CUB"]
[EventCategory "13"]
[Source "lmi"]
[SourceDate "2015.06.15"]

1. e4 e5 2. Nf3 Nc6 3. Bb5 a6 4. Ba4 Nf6 5. O-O Be7 6. Re1 b5 7. Bb3 d6 8. c3
O-O 9. h3 Nb8 10. d4 Nbd7 11. Nbd2 Bb7 12. Bc2 Re8 13. Nf1 Bf8 14. Ng3 g6 15.
a4 c5 16. d5 c4 17. Bg5 Bg7 18. Qd2 Qe7 19. Ra3 Nc5 20. Rea1 Qf8 21. axb5 axb5
22. Ra5 Ra6 23. Rxa6 Bxa6 24. Nh2 Nfd7 25. Rf1 Bc8 26. f4 h6 27. f5 hxg5 28.
fxg6 Nf6 29. Qxg5 fxg6 30. Qxg6 Re7 31. Ng4 Bxg4 32. hxg4 Nd3 33. Bxd3 cxd3 34.
Nf5 Ra7 35. Nxg7 Qxg7 36. Qxf6 Qxf6 37. Rxf6 Ra4 38. Rf2 Rxe4 39. Rd2 b4 40.
Kf2 bxc3 41. bxc3 Rxg4 42. Rxd3 Kf7 43. Kf3 Rc4 44. Ke2 e4 45. Rh3 Kg6 46. Ke3
Rxc3+ 47. Kxe4 Rc4+ 48. Ke3 Rg4 49. Rh8 Kf5 1/2-1/2

[Event "Torneo Capablanca 2015 - Grupo Premier"]
[Site "La Habana CUB"]
[Date "2015.06.21"]
[Round "6.2"]
[White "Duda, Jan-Krzysztof"]
[Black "Bacallao Alonso, Yusnel"]
[Result "0-1"]
[WhiteElo "2610"]
[BlackElo "2530"]
[PlyCount "126"]
[EventDate "2015.06.15"]
[EventType "tourn"]
[EventRounds "9"]
[EventCountry "CUB"]
[EventCategory "13"]
[Source "lmi"]
[SourceDate "2015.06.15"]

1. e4 e5 2. Nf3 Nc6 3. Bc4 Nf6 4. d3 Be7 5. Nc3 d6 6. a3 Be6 7. Ng5 Bxc4 8.
dxc4 Qd7 9. h3 Nd4 10. Nf3 Ne6 11. Qe2 c6 12. Be3 Qc7 13. Rd1 a6 14. h4 b5 15.
h5 Rb8 16. b4 Nd7 17. Nh4 g6 18. Nf3 Nb6 19. hxg6 fxg6 20. cxb5 axb5 21. g3 Ra8
22. Bc1 O-O 23. Rd3 Nc4 24. Kf1 Bf6 25. Kg2 Bg7 26. Nd1 d5 27. Rh4 d4 28. Nh2
c5 29. Ng4 Nd6 30. Nh6+ Kh8 31. Qg4 c4 32. Rd2 Rae8 33. Re2 Qd7 34. Re1 Nf7 35.
Qh3 Nxh6 36. Bxh6 Bxh6 37. Rxh6 Qf7 38. Qg4 Qf6 39. Reh1 Ng5 40. R1h4 Re7 41.
f4 exf4 42. gxf4 Nxe4 43. Rxg6 Qf7 44. Kh3 Nf6 45. Qf5 Nd5 46. Qxf7 Rfxf7 47.
Rd6 Nxf4+ 48. Kg3 Ne2+ 49. Kg2 Re8 50. Kh2 Rg8 51. Rhh6 Ng1 52. Rhf6 Nf3+ 53.
Kh3 Ng5+ 54. Kh4 Nf3+ 55. Kh5 Rxf6 56. Rxf6 Ne1 57. c3 d3 58. Rb6 d2 59. Rxb5
Nd3 60. Rg5 Re8 61. Kh4 Re1 62. Rg2 Rxd1 63. Kg3 Nf4 0-1

[Event "Torneo Capablanca 2015 - Grupo Premier"]
[Site "La Habana CUB"]
[Date "2015.06.21"]
[Round "6.3"]
[White "Kunin, Vitaly"]
[Black "Ortiz Suarez, Isan Reynaldo"]
[Result "1-0"]
[WhiteElo "2579"]
[BlackElo "2572"]
[PlyCount "65"]
[EventDate "2015.06.15"]
[EventType "tourn"]
[EventRounds "9"]
[EventCountry "CUB"]
[EventCategory "13"]
[Source "lmi"]
[SourceDate "2015.06.15"]

1. d4 f5 2. c4 Nf6 3. g3 g6 4. Bg2 Bg7 5. Nc3 O-O 6. Nf3 d6 7. O-O c6 8. Re1
Na6 9. b3 Qa5 10. Bb2 e5 11. Qd2 Qc7 12. e4 Nxe4 13. Nxe4 fxe4 14. Rxe4 Bf5 15.
Ree1 Rae8 16. b4 e4 17. Nh4 Be6 18. b5 Nb8 19. bxc6 bxc6 20. Rac1 d5 21. Ba3
Rf6 22. cxd5 Bxd5 23. f3 e3 24. Rxe3 Rxe3 25. Qxe3 Re6 26. Qd2 Qb6 27. Bc5 Qa6
28. Bh3 Re8 29. Re1 Rd8 30. Qg5 Qa5 31. Re7 Bf7 32. Qe3 Na6 33. Be6 1-0

[Event "Torneo Capablanca 2015 - Grupo Premier"]
[Site "La Habana CUB"]
[Date "2015.06.21"]
[Round "6.4"]
[White "Quesada Perez, Yuniesky"]
[Black "Espinosa Veloz, Ermes"]
[Result "1-0"]
[WhiteElo "2647"]
[BlackElo "2504"]
[PlyCount "111"]
[EventDate "2015.06.15"]
[EventType "tourn"]
[EventRounds "9"]
[EventCountry "CUB"]
[EventCategory "13"]
[Source "lmi"]
[SourceDate "2015.06.15"]

1. e4 c5 2. Nf3 d6 3. Bb5+ Nd7 4. d4 cxd4 5. Qxd4 a6 6. Bxd7+ Bxd7 7. O-O Nf6
8. Bg5 e6 9. Nc3 Be7 10. Rad1 Bc6 11. Rfe1 O-O 12. Qd3 Rc8 13. Nd4 h6 14. Bc1
Qa5 15. Re3 Qe5 16. Nf5 exf5 17. exf5 Ne4 18. Nxe4 Qxf5 19. Nxd6 Qxd3 20. Rexd3
Bxd6 21. Rxd6 Rfe8 22. Be3 f6 23. c4 Kf7 24. h3 Re7 25. R6d2 Ba4 26. b3 Bc6 27.
a4 Re5 28. Kf1 Re7 29. Bb6 Re6 30. a5 Re5 31. f3 g5 32. Bd8 Re6 33. Kf2 Be8 34.
Rd4 Rc5 35. Bb6 Rc8 36. h4 Bc6 37. Bd8 Be8 38. R1d2 Rc5 39. Bb6 Rce5 40. b4 Re1
41. Bc5 Rh1 42. Rd1 Rxd1 43. Rxd1 Bc6 44. h5 Re5 45. Rd6 Re8 46. b5 axb5 47. a6
bxc4 48. axb7 Bxb7 49. Rd7+ Ke6 50. Rxb7 f5 51. Rc7 Ra8 52. Bd4 Ra2+ 53. Kg3
f4+ 54. Kh3 Kd5 55. Bg7 Ra6 56. Rc8 1-0

[Event "Torneo Capablanca 2015 - Grupo Premier"]
[Site "La Habana CUB"]
[Date "2015.06.21"]
[Round "6.5"]
[White "Cordova, Emilio"]
[Black "Gonzalez Vidal, Yuri"]
[Result "1/2-1/2"]
[WhiteElo "2609"]
[BlackElo "2550"]
[PlyCount "31"]
[EventDate "2015.06.15"]
[EventType "tourn"]
[EventRounds "9"]
[EventCountry "CUB"]
[EventCategory "13"]
[Source "lmi"]
[SourceDate "2015.06.15"]

1. d4 Nf6 2. Nf3 e6 3. c4 d5 4. Nc3 Bb4 5. cxd5 exd5 6. Qa4+ Nc6 7. Bg5 h6 8.
Bxf6 Qxf6 9. e3 O-O 10. Be2 Be6 11. O-O a6 12. Rfc1 Bd6 13. Qd1 Ne7 14. Na4 b6
15. a3 g5 16. b4 1/2-1/2

[Event "Torneo Capablanca 2015 - Grupo Premier"]
[Site "La Habana CUB"]
[Date "2015.06.22"]
[Round "7.1"]
[White "Gonzalez Vidal, Yuri"]
[Black "Hevia Alejano, Carlos Antonio"]
[Result "1/2-1/2"]
[WhiteElo "2550"]
[BlackElo "2535"]
[PlyCount "81"]
[EventDate "2015.06.15"]
[EventType "tourn"]
[EventRounds "9"]
[EventCountry "CUB"]
[EventCategory "13"]
[Source "lmi"]
[SourceDate "2015.06.15"]

1. d4 e6 2. c4 Nf6 3. Nf3 b6 4. a3 c6 5. Nc3 d5 6. Bg5 Be7 7. Qc2 Nbd7 8. cxd5
cxd5 9. e3 Bb7 10. Bd3 a6 11. O-O b5 12. Rfc1 O-O 13. Nd2 h6 14. Bxf6 Bxf6 15.
a4 b4 16. Na2 Rc8 17. Qd1 Qb6 18. Nb3 a5 19. Bb5 Nb8 20. f4 Be7 21. Rxc8 Rxc8
22. Nac1 Na6 23. Nd3 Bd6 24. Qe2 Rc7 25. h4 Be7 26. h5 Rc8 27. Ne5 Nb8 28. Rf1
Bd6 29. Nd3 Na6 30. g4 Bc6 31. Rc1 Bb7 32. Rxc8+ Bxc8 33. Qc2 Qc7 34. Qxc7 Bxc7
35. Ne5 Nb8 36. Kf2 f6 37. Nd3 Nd7 38. Kf3 Kf7 39. Ndc5 Nxc5 40. Nxc5 Ke7 41.
Nd3 1/2-1/2

[Event "Torneo Capablanca 2015 - Grupo Premier"]
[Site "La Habana CUB"]
[Date "2015.06.22"]
[Round "7.3"]
[White "Ortiz Suarez, Isan Reynaldo"]
[Black "Quesada Perez, Yuniesky"]
[Result "1/2-1/2"]
[WhiteElo "2572"]
[BlackElo "2647"]
[PlyCount "26"]
[EventDate "2015.06.15"]
[EventType "tourn"]
[EventRounds "9"]
[EventCountry "CUB"]
[EventCategory "13"]
[Source "lmi"]
[SourceDate "2015.06.15"]

1. Nf3 Nf6 2. b3 b6 3. g3 Bb7 4. Bg2 e6 5. Bb2 c5 6. c4 Be7 7. O-O O-O 8. d4
cxd4 9. Nxd4 Bxg2 10. Kxg2 Nc6 11. Nxc6 dxc6 12. Nc3 Qxd1 13. Rfxd1 Rfd8
1/2-1/2

[Event "Torneo Capablanca 2015 - Grupo Premier"]
[Site "La Habana CUB"]
[Date "2015.06.22"]
[Round "7.4"]
[White "Bacallao Alonso, Yusnel"]
[Black "Kunin, Vitaly"]
[Result "1/2-1/2"]
[WhiteElo "2530"]
[BlackElo "2579"]
[PlyCount "57"]
[EventDate "2015.06.15"]
[EventType "tourn"]
[EventRounds "9"]
[EventCountry "CUB"]
[EventCategory "13"]
[Source "lmi"]
[SourceDate "2015.06.15"]

1. Nf3 Nf6 2. g3 d5 3. Bg2 c6 4. b3 g6 5. Bb2 Bg7 6. O-O O-O 7. c4 Nbd7 8. d4
Ne4 9. Nbd2 Ndf6 10. Ne5 Bf5 11. e3 Rc8 12. Qe2 Nxd2 13. Qxd2 Nd7 14. cxd5 cxd5
15. Rfc1 Nxe5 16. dxe5 e6 17. Bd4 Qd7 18. Bb2 Bh6 19. Qd4 Rxc1+ 20. Rxc1 Rc8
21. Qxa7 Rxc1+ 22. Bxc1 Qc8 23. Ba3 Bf8 24. h3 Bxa3 25. Qxa3 Qc3 26. Qd6 Qa1+
27. Kh2 Qxa2 28. Qd8+ Kg7 29. Qf6+ 1/2-1/2

[Event "Torneo Capablanca 2015 - Grupo Premier"]
[Site "La Habana CUB"]
[Date "2015.06.22"]
[Round "7.5"]
[White "Miton, Kamil"]
[Black "Duda, Jan-Krzysztof"]
[Result "0-1"]
[WhiteElo "2604"]
[BlackElo "2610"]
[PlyCount "42"]
[EventDate "2015.06.15"]
[EventType "tourn"]
[EventRounds "9"]
[EventCountry "CUB"]
[EventCategory "13"]
[Source "lmi"]
[SourceDate "2015.06.15"]

1. d4 d5 2. c4 c6 3. Nc3 e6 4. Nf3 Nf6 5. e3 Nbd7 6. Bd3 Bd6 7. O-O dxc4 8.
Bxc4 b5 9. Bd3 O-O 10. Qc2 Bb7 11. a3 Rc8 12. b4 c5 13. bxc5 Bxf3 14. cxd6 Nd5
15. gxf3 Nxc3 16. Bxh7+ Kh8 17. Be4 Qg5+ 18. Kh1 Qh5 19. f4 Nf6 20. Bg2 Nce4
21. Qb2 Ng4 0-1

[Event "Torneo Capablanca 2015 - Grupo Premier"]
[Site "La Habana CUB"]
[Date "2015.06.23"]
[Round "8.1"]
[White "Hevia Alejano, Carlos Antonio"]
[Black "Duda, Jan-Krzysztof"]
[Result "1/2-1/2"]
[WhiteElo "2535"]
[BlackElo "2610"]
[PlyCount "176"]
[EventDate "2015.06.15"]
[EventType "tourn"]
[EventRounds "9"]
[EventCountry "CUB"]
[EventCategory "13"]
[Source "lmi"]
[SourceDate "2015.06.15"]
[WhiteClock "0:02:10"]
[BlackClock "0:00:36"]

1. e4 c5 2. Nf3 d6 3. d4 cxd4 4. Nxd4 Nf6 5. Nc3 a6 6. Bg5 Nbd7 7. Bc4 Qb6 8.
Bb3 e6 9. Qd2 Be7 10. f3 Nc5 11. O-O-O Qc7 12. Kb1 O-O 13. g4 b5 14. a3 Nxb3
15. cxb3 Bb7 16. h4 Rac8 17. h5 Rfd8 18. Rc1 Qd7 19. Be3 Qe8 20. g5 Nd7 21. g6
Bf6 22. gxf7+ Qxf7 23. Rcg1 Ne5 24. Rh3 Rd7 25. Bg5 Rf8 26. Nce2 Bxg5 27. Qxg5
a5 28. Rhg3 b4 29. Qe3 Qf6 30. h6 g6 31. f4 Nc6 32. Nxc6 Bxc6 33. a4 Bb7 34.
Rg5 d5 35. f5 d4 36. Qd3 exf5 37. exf5 Re8 38. Ka2 Ba6 39. Qh3 Bxe2 40. fxg6
Rde7 41. gxh7+ Kxh7 42. Rg7+ Kh8 43. R1g6 Qe5 44. Rg5 Qe6 45. Qg3 d3 46. R5g6
Qd5 47. Rxe7 Rxe7 48. Qf4 Kh7 49. Rg5 Rf7 50. Qe3 Qc6 51. Qd4 Qxh6 52. Qe4+ Kh8
53. Qe8+ Qf8 54. Qe5+ Rg7 55. Rf5 Qd8 56. Rf7 Qg5 57. Rf5 Qg6 58. Rf6 Qh5 59.
Rf5 Qg4 60. Rf4 Qd7 61. Rf8+ Kh7 62. Qe4+ Rg6 63. Qh4+ Rh6 64. Qg5 Qe6 65. Qf4
Kg7 66. Rd8 Rf6 67. Qh4 Rf8 68. Qg5+ Qg6 69. Qe5+ Qf6 70. Qg3+ Kh8 71. Qh3+ Kg8
72. Qg2+ Kh7 73. Qh2+ Kg7 74. Qg3+ Qg6 75. Qe5+ Kg8 76. Qd5+ Qf7 77. Qg5+ Kh7
78. Qh4+ Qh5 79. Rd7+ Kh6 80. Qe7 Rf7 81. Qe3+ Kg7 82. Qd4+ Kh7 83. Qe4+ Kg7
84. Qd4+ Kg8 85. Rd8+ Rf8 86. Rd7 Rf7 87. Rd8+ Rf8 88. Rd7 Rf7 1/2-1/2

[Event "Torneo Capablanca 2015 - Grupo Premier"]
[Site "La Habana CUB"]
[Date "2015.06.23"]
[Round "8.2"]
[White "Kunin, Vitaly"]
[Black "Miton, Kamil"]
[Result "1-0"]
[WhiteElo "2579"]
[BlackElo "2604"]
[PlyCount "59"]
[EventDate "2015.06.15"]
[EventType "tourn"]
[EventRounds "9"]
[EventCountry "CUB"]
[EventCategory "13"]
[Source "lmi"]
[SourceDate "2015.06.15"]
[WhiteClock "0:10:18"]
[BlackClock "0:05:37"]

1. d4 Nf6 2. c4 e6 3. Nf3 Bb4+ 4. Bd2 a5 5. g3 d5 6. Qc2 O-O 7. Bg2 c5 8. dxc5
d4 9. Bxb4 axb4 10. Ne5 Qc7 11. Nd3 Na6 12. O-O e5 13. Qd2 Be6 14. Nxb4 Nxc5
15. Na3 Qa5 16. Rfd1 Na4 17. Nb5 Bxc4 18. Nd6 Be6 19. Rac1 Qb6 20. Ne4 Nxe4 21.
Bxe4 Rfd8 22. a3 f5 23. Bd3 Nc5 24. Qg5 Nxd3 25. exd3 Qd6 26. Re1 Rac8 27. h4
Rxc1 28. Rxc1 Rf8 29. Re1 Rf6 30. Qh5 1-0

[Event "Torneo Capablanca 2015 - Grupo Premier"]
[Site "La Habana CUB"]
[Date "2015.06.23"]
[Round "8.3"]
[White "Quesada Perez, Yuniesky"]
[Black "Bacallao Alonso, Yusnel"]
[Result "1-0"]
[WhiteElo "2647"]
[BlackElo "2530"]
[PlyCount "53"]
[EventDate "2015.06.15"]
[EventType "tourn"]
[EventRounds "9"]
[EventCountry "CUB"]
[EventCategory "13"]
[Source "lmi"]
[SourceDate "2015.06.15"]
[WhiteClock "0:26:37"]
[BlackClock "0:02:16"]

1. e4 c5 2. Nf3 d6 3. d4 cxd4 4. Nxd4 Nf6 5. Nc3 g6 6. Be3 Bg7 7. f3 a6 8. Bc4
Nbd7 9. Qd2 b5 10. Bb3 Nc5 11. O-O-O Bd7 12. Bh6 Bxh6 13. Qxh6 Nxb3+ 14. axb3
e6 15. Rhe1 Qe7 16. g4 e5 17. Nf5 gxf5 18. g5 Bc6 19. gxf6 Qc7 20. Qh3 Rc8 21.
Qg2 f4 22. Rg1 h5 23. Rd2 Rd8 24. Qh3 Qa7 25. Rdg2 Kf8 26. Nd1 Qc7 27. Rd2 1-0

[Event "Torneo Capablanca 2015 - Grupo Premier"]
[Site "La Habana CUB"]
[Date "2015.06.23"]
[Round "8.5"]
[White "Gonzalez Vidal, Yuri"]
[Black "Espinosa Veloz, Ermes"]
[Result "1-0"]
[WhiteElo "2550"]
[BlackElo "2504"]
[PlyCount "49"]
[EventDate "2015.06.15"]
[EventType "tourn"]
[EventRounds "9"]
[EventCountry "CUB"]
[EventCategory "13"]
[Source "lmi"]
[SourceDate "2015.06.15"]

1. Nf3 Nf6 2. d4 g6 3. Bg5 Bg7 4. Nbd2 d6 5. e4 O-O 6. c3 c5 7. dxc5 dxc5 8.
Bc4 Nc6 9. O-O Qc7 10. Qe2 h6 11. Bxf6 exf6 12. Nh4 Ne7 13. f4 Re8 14. f5 gxf5
15. Qh5 Be6 16. Bxe6 fxe6 17. exf5 Nxf5 18. Nxf5 exf5 19. Rxf5 Qb6 20. Nc4 Qe6
21. Rf4 b5 22. Nd2 Rad8 23. Ne4 Rd5 24. Qg6 Rg5 25. Nxf6+ 1-0

[Event "Torneo Capablanca 2015 - Grupo Premier"]
[Site "La Habana CUB"]
[Date "2015.06.25"]
[Round "9.1"]
[White "Espinosa Veloz, Ermes"]
[Black "Hevia Alejano, Carlos Antonio"]
[Result "1/2-1/2"]
[WhiteElo "2504"]
[BlackElo "2535"]
[PlyCount "139"]
[EventDate "2015.06.15"]
[EventType "tourn"]
[EventRounds "9"]
[EventCountry "CUB"]
[EventCategory "13"]
[Source "lmi"]
[SourceDate "2015.06.15"]

1. e4 e6 2. d4 d5 3. Nc3 Bb4 4. e5 Qd7 5. a3 Bxc3+ 6. bxc3 b6 7. Qg4 f5 8. Qg3
Ba6 9. Bxa6 Nxa6 10. a4 Qf7 11. Qd3 Nb8 12. c4 Qd7 13. Ne2 dxc4 14. Qxc4 Ne7
15. Ba3 Nbc6 16. O-O O-O 17. Nf4 Nd5 18. Bxf8 Nxf4 19. Ba3 Na5 20. Qb4 Qd5 21.
f3 Nc4 22. Kh1 Rd8 23. Bc1 a5 24. Qe1 Ng6 25. c3 h6 26. h3 Kh7 27. Kh2 c5 28.
Be3 Ngxe5 29. Rd1 Nb2 30. Rb1 Nec4 31. Bg1 cxd4 32. Bxd4 e5 33. Bxb6 Rb8 34.
Rxb2 Nxb2 35. Bc7 Nd3 36. Qe3 Rc8 37. Rd1 e4 38. fxe4 fxe4 39. Bxa5 Qe5+ 40.
Kh1 Rf8 41. Bc7 Qf5 42. Bg3 Ra8 43. Ra1 Ra5 44. Kg1 Nc5 45. Rf1 Qd5 46. Qd4
Qxd4+ 47. cxd4 Nb3 48. Be5 Rxa4 49. Rf7 Kg6 50. Rxg7+ Kf5 51. g4+ Ke6 52. Kf2
Nxd4 53. Bxd4 Rxd4 54. Rg6+ Ke5 55. Rxh6 Rd3 56. Rh8 Ra3 57. Re8+ Kd4 58. Rd8+
Ke5 59. Re8+ Kd4 60. Kg2 Ke3 61. Kg3 Kd2+ 62. Kf4 e3 63. h4 e2 64. g5 Rh3 65.
g6 Rxh4+ 66. Kf5 Rh3 67. Kf4 Rh8 68. Re7 Rg8 69. Kf3 Re8 70. Rxe8 1/2-1/2

[Event "Torneo Capablanca 2015 - Grupo Premier"]
[Site "La Habana CUB"]
[Date "2015.06.25"]
[Round "9.2"]
[White "Ortiz Suarez, Isan Reynaldo"]
[Black "Gonzalez Vidal, Yuri"]
[Result "1-0"]
[WhiteElo "2572"]
[BlackElo "2550"]
[PlyCount "63"]
[EventDate "2015.06.15"]
[EventType "tourn"]
[EventRounds "9"]
[EventCountry "CUB"]
[EventCategory "13"]
[Source "lmi"]
[SourceDate "2015.06.15"]

1. Nf3 Nf6 2. c4 e6 3. g3 d5 4. Bg2 dxc4 5. Qa4+ c6 6. Qxc4 b5 7. Qb3 Bb7 8.
O-O Nbd7 9. d4 a6 10. Ne5 Nxe5 11. dxe5 Nd7 12. Nc3 Qc7 13. Ne4 Nc5 14. Nxc5
Bxc5 15. Be3 Be7 16. Rac1 Qxe5 17. Bf4 Qf6 18. Qe3 O-O 19. Be5 Qf5 20. g4 Qxg4
21. Qb6 Bc8 22. Qxc6 Ra7 23. Qxc8 f6 24. h3 Qf5 25. Bb8 Rxc8 26. Rxc8+ Kf7 27.
Bxa7 Qe5 28. Rd1 Bd6 29. e3 Qh2+ 30. Kf1 f5 31. f4 Ke7 32. Rc6 1-0

[Event "Torneo Capablanca 2015 - Grupo Premier"]
[Site "La Habana CUB"]
[Date "2015.06.25"]
[Round "9.3"]
[White "Bacallao Alonso, Yusnel"]
[Black "Cordova, Emilio"]
[Result "1/2-1/2"]
[WhiteElo "2530"]
[BlackElo "2609"]
[PlyCount "35"]
[EventDate "2015.06.15"]
[EventType "tourn"]
[EventRounds "9"]
[EventCountry "CUB"]
[EventCategory "13"]
[Source "lmi"]
[SourceDate "2015.06.15"]

1. e4 e6 2. d4 d5 3. Nc3 Nc6 4. exd5 exd5 5. Bb5 Bb4 6. Nge2 Nge7 7. a3 Bxc3+
8. Nxc3 a6 9. Bxc6+ Nxc6 10. O-O O-O 11. Bf4 Bf5 12. Qd2 Bg6 13. Rfe1 Qd7 14.
Re2 Rae8 15. Rae1 Rxe2 16. Nxe2 Re8 17. Bg3 f6 18. f3 1/2-1/2